| 000 | 00655nam a2200241Ia 4500 | ||
|---|---|---|---|
| 003 | OSt | ||
| 005 | 20221005131417.0 | ||
| 006 | a|||||r|||| 00| 0 | ||
| 007 | ta | ||
| 008 | 221004b |||||||| |||| 00| 0 eng d | ||
| 024 | _a68048 | ||
| 037 | _cTextual | ||
| 040 |
_aCRL _cCRL _beng |
||
| 041 |
_2eng _aeng |
||
| 082 | _aY1:5::231CK:N4, H8 | ||
| 100 | _aSovani N. V. | ||
| 245 | 0 | _aSocial survey of Kolhapur city | |
| 260 | _c1948 | ||
| 490 | _aGokhale Institute of Politics and Economics, Publication Series, 18 | ||
| 650 | _aSOCIOLOGY | ||
| 942 |
_hY1:5::231CK:N4, H8 _cTEXL _2cc |
||
| 999 |
_c1060274 _d1060274 |
||